[Event "Asia-ch Universities (Women)"]
[Site "Chess.com INT"]
[Date "2020.12.17"]
[Round "8"]
[White "Koggala, WSTD"]
[Black "De Silva, Shelani"]
[Result "1/2-1/2"]
[WhiteElo "1480"]
[BlackElo "1585"]
[PlyCount "49"]
[EventDate "2020.12.15"]
[EventType "swiss"]
[EventRounds "9"]
[EventCountry "IRI"]
[SourceTitle "EXT 2022"]
[Source "ChessBase"]
[SourceDate "2021.10.06"]
[SourceVersion "1"]
[SourceVersionDate "2021.10.06"]
[SourceQuality "1"]

1. d4 Nf6 2. Bf4 e6 3. e3 Be7 4. c3 0-0 5. Bd3 d5 6. Nf3 c5 7. Nbd2 Nc6 8. Ne5 c4 9. Bc2 Bd6 10. 0-0 Qc7 11. Ndf3 Nd7 12. Nxd7 Qxd7 13. Bxd6 Qxd6 14. Re1 e5 15. dxe5 Nxe5 16. Nxe5 Qxe5 17. Qd4 Qxd4 18. exd4 Bd7 19. Re5 Bc6 20. Rae1 Rfe8 21. Rxe8+ Rxe8 22. Rxe8+ Bxe8 23. f4 g6 24. g3 f5 25. Kf2 1/2-1/2

[Event "FISU World University"]
[Site "Tornelo INT"]
[Date "2020.10.26"]
[Round "2.34"]
[White "Koggala, WSTD"]
[Black "De Silva, Shelani"]
[Result "1-0"]
[WhiteElo "1480"]
[BlackElo "1511"]
[PlyCount "52"]
[EventDate "2020.10.26"]
[EventType "team-swiss (rapid)"]
[EventRounds "9"]
[EventCountry "NET"]
[SourceTitle "CBM 199 Extra"]
[Source "ChessBase"]
[SourceDate "2021.01.31"]
[SourceVersion "1"]
[SourceVersionDate "2021.01.31"]
[SourceQuality "1"]
[WhiteTeam "Sri Lanka III"]
[BlackTeam "Sri Lanka IV"]
[WhiteTeamCountry "SRI"]
[BlackTeamCountry "SRI"]

1. d4 Nf6 2. Bf4 g6 3. Nc3 Bg7 4. e4 d6 5. Qd2 Na6 6. 0-0-0 0-0 7. Bh6 c6 8. h4 Bh8 9. Bxf8 Kxf8 10. Be2 b5 11. f3 Qa5 12. e5 Ne8 13. exd6 Nxd6 14. h5 Kg8 15. hxg6 fxg6 16. Qh6 Bf6 17. Qxh7+ Kf8 18. Qxg6 Bf5 19. Qh6+ Bg7 20. Qf4 Nc7 21. Rh5 Ne6 22. Rxf5+ Nxf5 23. Qxf5+ Ke8 24. Qxe6 b4 25. Qxc6+ Kf8 26. Qxa8+ Kf7 1-0

[Event "FISU World University"]
[Site "Tornelo INT"]
[Date "2020.10.26"]
[Round "1.23"]
[White "Luna Javier, Edgar Froylan"]
[Black "Koggala, WSTD"]
[Result "1-0"]
[WhiteElo "2114"]
[BlackElo "1480"]
[PlyCount "95"]
[EventDate "2020.10.26"]
[EventType "team-swiss (rapid)"]
[EventRounds "9"]
[EventCountry "NET"]
[SourceTitle "CBM 199 Extra"]
[Source "ChessBase"]
[SourceDate "2021.01.31"]
[SourceVersion "1"]
[SourceVersionDate "2021.01.31"]
[SourceQuality "1"]
[WhiteTeam "Mexico III"]
[BlackTeam "Sri Lanka III"]
[WhiteTeamCountry "MEX"]
[BlackTeamCountry "SRI"]

1. d4 Nf6 2. c4 c5 3. Nf3 cxd4 4. Nxd4 e5 5. Nb3 Nc6 6. g3 Be7 7. Bg2 0-0 8. 0-0 Re8 9. Nc3 Bb4 10. Nd5 Be7 11. Qd3 Nb4 12. Nxe7+ Qxe7 13. Qd1 h6 14. Be3 d6 15. Qd2 Nc6 16. Rfd1 Rd8 17. Rac1 Be6 18. Na5 Nxa5 19. Qxa5 a6 20. Bb6 Rdc8 21. Qb4 Ne8 22. b3 Bg4 23. Rd2 e4 24. Rcd1 Rc6 25. Be3 a5 26. Qc3 Nf6 27. Qd4 Rd8 28. h3 Bf5 29. Bf4 d5 30. Be5 Re6 31. Bxf6 Rxf6 32. cxd5 Qd7 33. g4 Bg6 34. e3 h5 35. g5 Rd6 36. Qe5 Bf5 37. Kh2 Re8 38. Qf4 f6 39. h4 fxg5 40. hxg5 Bg6 41. Bh3 Qe7 42. Be6+ Kh8 43. Kg2 Rf8 44. Qg3 Rf3 45. Qh4 Qf8 46. Rh1 Rxe3 47. Qxh5+ Bxh5 48. Rxh5# 1-0

[Event "SRI-ch (Women)"]
[Site "Colombo"]
[Date "2018.05.07"]
[Round "7"]
[White "Koggala, WSTD"]
[Black "Jayaweera, Sayuni Gihansa"]
[Result "0-1"]
[WhiteElo "1532"]
[BlackElo "1739"]
[PlyCount "68"]
[EventDate "2018.05.04"]
[EventType "tourn"]
[EventRounds "13"]
[EventCountry "SRI"]
[SourceTitle "CBM 184 Extra"]
[Source "ChessBase"]
[SourceDate "2018.06.28"]
[SourceVersion "1"]
[SourceVersionDate "2018.06.28"]
[SourceQuality "1"]

1. e4 c5 2. Nc3 g6 3. Nf3 Bg7 4. Bc4 Nc6 5. 0-0 a6 6. a4 e6 7. d3 Nge7 8. Bb3 0-0 9. Be3 Nd4 10. Ba2 b6 11. h3 Bb7 12. Nh2 d5 13. Qd2 Qd7 14. f3 Rfd8 15. Bh6 Bh8 16. Ng4 f6 17. Qf4 f5 18. Ne3 b5 19. exd5 Nxd5 20. Nexd5 Bxd5 21. Bxd5 exd5 22. Qd2 b4 23. Nd1 Re8 24. Rf2 Be5 25. Ne3 Qd6 26. Rd1 Bg3 27. Rff1 f4 28. Ng4 Re2 29. Qc1 Rxc2 30. Qa1 Re8 31. Qa2 b3 32. Qa3 Ree2 33. Rb1 Rxg2+ 34. Kh1 Qe7 0-1

[Event "SRI-ch (Women)"]
[Site "Colombo"]
[Date "2018.05.05"]
[Round "3"]
[White "Koggala, WSTD"]
[Black "De Silva, Shelani"]
[Result "1/2-1/2"]
[WhiteElo "1532"]
[BlackElo "1586"]
[PlyCount "44"]
[EventDate "2018.05.04"]
[EventType "tourn"]
[EventRounds "13"]
[EventCountry "SRI"]
[SourceTitle "CBM 184 Extra"]
[Source "ChessBase"]
[SourceDate "2018.06.28"]
[SourceVersion "1"]
[SourceVersionDate "2018.06.28"]
[SourceQuality "1"]

1. d4 Nf6 2. Bf4 g6 3. e3 Bg7 4. Nf3 0-0 5. h3 d6 6. Be2 Nbd7 7. 0-0 Re8 8. c4 c5 9. Nc3 a6 10. Bh2 Qc7 11. Re1 b6 12. a3 Bb7 13. b4 e5 14. d5 Nf8 15. Nd2 Rad8 16. e4 N6d7 17. Rc1 f5 18. Nf3 Nf6 19. Nd2 N6d7 20. Nf3 Nf6 21. Nd2 N6d7 22. Nf3 Nf6 1/2-1/2